| 000 | 00448nam a2200181Ia 4500 | ||
|---|---|---|---|
| 005 | 20240529115602.0 | ||
| 008 | 131103s9999 xx 000 0 und d | ||
| 040 | _aLoreto College | ||
| 041 | _aEnglish | ||
| 082 |
_a511 _bHOO |
||
| 100 | _aHood, Peter | ||
| 245 |
_aHow time is measured _cPeter Hood |
||
| 260 |
_aLondon _bOxford University Press _c1955 |
||
| 300 |
_a64p. _b ill.maps |
||
| 650 | _aArithmetic | ||
| 850 | _aLCBED | ||
| 942 | _cBK | ||
| 999 |
_c28476 _d78955 |
||